000 00925cam a2200133 4500500
005 20260329024601.0
041 _afre
042 _adc
100 1 0 _aOgilvie, Bertrand
_eauthor
245 0 0 _aLacan. Le sujet : La formation du concept de sujet, 1932-1949
260 _bPresses Universitaires de France,
_c2005.
520 _aRéputés difficiles, les textes de Lacan intriguent et en même temps attirent de par l’objet de ces textes et du style de l’œuvre. Selon l’auteur, Lacan parle de l’inconscient et du désir dans des termes qui rebutent la conscience ordinaire, mais en cela il ne fait rien d’autre que de tenir à chacun le discours de son inconscient. Ce petit livre montre que ces textes sont lisibles, que Lacan s’est posé la question du «sujet» dont l’auteur explique la genèse.
856 4 1 _uhttps://shs.cairn.info/lacan-le-sujet--9782130549307?lang=fr&redirect-ssocas=7080
999 _c1934936
_d1934936